El candidato / (Registro nro. 8600)
[ vista simple ]
| 000 -CABECERA | |
|---|---|
| campo de control de longitud fija | 00577cam a2200181 a 4500 |
| 001 - NÚMERO DE CONTROL | |
| campo de control | 000008831 |
| 005 - FECHA Y HORA DE LA ÚLTIMA TRANSACCIÓN | |
| campo de control | 20200929161423.0 |
| 008 - DATOS DE LONGITUD FIJA--INFORMACIÓN GENERAL | |
| campo de control de longitud fija | 920916s1988 cu 000 0 spa |
| 040 ## - FUENTE DE LA CATALOGACIÓN | |
| Centro catalogador/agencia de origen | DO-SdBNP |
| Lengua de catalogación | spa |
| Centro/agencia transcriptor | BNPHU |
| 050 00 - SIGNATURA TOPOGRÁFICA DE LA BIBLIOTECA DEL CONGRESO | |
| Número de clasificación | MLCS 96/05377 (P) |
| 100 1# - ENTRADA PRINCIPAL--NOMBRE DE PERSONA | |
| Nombre de persona | Fernández, Alfredo Antonio, |
| Fechas asociadas al nombre | 1945- |
| 9 (RLIN) | 23386 |
| 245 13 - MENCIÓN DE TÍTULO | |
| Título | El candidato / |
| Mención de responsabilidad, etc. | Alfredo Antonio Fernández. |
| 250 ## - MENCIÓN DE EDICIÓN | |
| Mención de edición | 2a ed. |
| 260 ## - PUBLICACIÓN, DISTRIBUCIÓN, ETC. | |
| Lugar de publicación, distribución, etc. | La Habana : |
| Nombre del editor, distribuidor, etc. | Unión de Escritores y Artistas de Cuba, |
| Fecha de publicación, distribución, etc. | 1988. |
| 300 ## - DESCRIPCIÓN FÍSICA | |
| Extensión | 119 p. ; |
| Dimensiones | 19 cm. |
| 490 1# - MENCIÓN DE SERIE | |
| Mención de serie | Contemporáneos |
| 586 ## - NOTA DE PREMIOS | |
| Nota de premios | Premio UNEAC de novela 1978 "Cirilo Villaverde". |
| Estado de retiro | Estado de pérdida | Restricciones de uso | No para préstamo | Código de colección | Localización permanente | Ubicación/localización actual | Ubicación en estantería | Fecha de adquisición | Número de inventario | Total de préstamos | Signatura topográfica completa | Código de barras | Fecha visto por última vez | Precio válido a partir de | Tipo de ítem Koha | Número de copia |
|---|---|---|---|---|---|---|---|---|---|---|---|---|---|---|---|---|
| Excluido de préstamo | Monografías: Libros y Folletos | General | General | Depósito | 18.09.2009 | LF1 | 8831-10 | 25.06.2020 | 25.06.2020 | No se presta | ||||||
| Extraviado | Excluido de préstamo | Monografías: Libros y Folletos | General | General | Extraviado | 29.05.2017 | LF1 | 8831-20 | 25.06.2020 | 25.06.2020 | No se presta | e. 2 |
